| 000 | 00619nam a2200193 i 4500 | ||
|---|---|---|---|
| 001 | 100271 | ||
| 003 | ES-MaACL | ||
| 005 | 20250331063056.0 | ||
| 007 | t| | ||
| 008 | 050923s1975 sp ||||1| spa d | ||
| 100 | 1 |
_aMarx, Karl, _d1818-1883 _978590 |
|
| 245 | 1 | 0 |
_aCartas sobre las ciencias de la naturaleza y las matemáticas / _cKarl Marx, Friedrich Engels; [traducción Joaquín Jordá]. |
| 260 |
_aBarcelona : _bAnagrama, _c1975. |
||
| 300 |
_a188 p. ; _c20 cm. |
||
| 700 | 1 |
_aEngels, Friedrich. _947225 |
|
| 700 | 1 |
_aJordá, Joaquín. _966895 |
|
| 852 |
_aES-MaACL _jE-8010 _bR.92438 |
||
| 999 |
_c100271 _d100271 |
||